000 02000 a2200337 4500
999 _c200002928
_d38093
001 200002928
003 TR-AnTOB
005 20190719173238.0
008 110201s2010 tu 000 0
020 _a9786054322053
035 _a200002928
040 _aTR-AnTOB
_cTR-AnTOB
041 _atur
050 0 0 _aDR605.P33
_bI45 2010
090 _aDR605 .P33 I45 2010
100 1 _aPala, İskender,
_d1958-
_9117133
245 1 0 _aİki darbe arasında /
_cİskender Pala.
264 1 _aİstanbul :
_bKapı Yayınları,
_c2010.
300 _a265 s. ;
_c20 cm.
336 _2rdacontent
_atext
_btxt
337 _2rdamedia
_aunmediated
_bn
338 _2rdacarrier
_avolume
_bnc
490 0 _aKapı yayınları ;
_v196
_aİskender Pala Bütün eserleri ;
_v42
500 _aDizin var.
520 _a28 Şubat süreci….her gün bir yığın hüsran… Günler ilerledikçe dalgalar şiddetini arttırarak dövmeye başlamıştır kalbinizin duvarlarını ve çaresizliğin sesi çığlık çığlığadır içinizde. Ateş düştüğü yeri yakar ve bir serçe olsun, gagasıyla bir damla su getirmez yangını söndürmeye. İskender Pala, bu defa pek bilinmeyen bir özelliğiyle, “asker kimliğiyle” karşınızda. Usta yazar, 12 Eylül'ün hemen ardından başlayıp 28 Şubat sürecinde YAŞ kararıyla son bulan Deniz Kuvvetler'ndeki 15 yılın hikâyesini içeriden okuma fırsatı veriyor. Acı günleri hatırlamak, insana tekrar acı verir elbette. Buna rağmen vaktiyle unutmayı çok zor başardığım o günleri şimdi yeniden hatırlamanın acısını yaşamaya cesaret etmem, sırf tarihe belge bırakma ve belki o savruluş insanların hâlâ aramızda yaşadıklarına dikkat çekebilme amacına yöneliktir ev bu yüzden yazdıklarımın tamamı katıksız hakikattir.
600 1 _aPala, İskender,
_d1958-
_9117133
651 _aTurkey
_xPolitics and government
_y1980-
_98951
651 _aTürkiye
_xSiyaset ve yönetim
_y1980-
_98950
942 _cBK
_2lcc